000 00850nam a22001937a 4500
999 _c61994
_d61994
003 Ge_BSU
005 20240619163124.0
008 240619s1954 ge ||||| |||| 00| 0 geo d
041 _ageo
080 _a617(479.22)(092) მ-23
100 _aმამამთავრიშვილი, დ.
_922349
245 _aიუსტინე ჯანელიძე :
_bცხოვრება და მოღვაწეობა /
_cდ. მამამთავრიშვილი.
264 _a[თბილისი] :
_bსაქმედგამი,
_c[1954]
300 _a51 გვ. :
_b6 ფ. ილ. ;
_c21 სმ.
504 _a ბიბლიოგრ.: გვ. 51.
653 _a ჯანელიძე, იუსტინე
653 _a ქართველი ქირურგები
942 _2udc
_cᲬᲘᲒᲜᲘ